| 000 | 00823nam a2200289Ia 4500 | ||
|---|---|---|---|
| 001 | Para_7421 | ||
| 003 | CHAP | ||
| 008 | 220125s1939 xx 000 0 und d | ||
| 010 | _a206288 | ||
| 040 | _cCHAP | ||
| 082 | _aPA-C 632.3 B85 | ||
| 100 |
_aShaw,J.N. _9172557 |
||
| 245 |
_aBlack disease / _c by J.N. Shaw, O.H. Muth, L. Seghetti |
||
| 260 |
_aCorvalis, Or. : _b Oregon State College |
||
| 300 | _a18 p. | ||
| 500 | _aEncuadernado con otros impresos similares | ||
| 650 |
_aCultivos _x enfermedades _930262 |
||
| 650 |
_aGanado lanar _x enfermedades _945173 |
||
| 700 |
_aMuth, O.H. / Seghetti, L. _9172558 |
||
| 901 | _aPA-C 632.3 B85 | ||
| 902 | _aA | ||
| 905 | _a0000001939 a 0000000000 00 | ||
| 910 | _a1939 | ||
| 942 | _cPARA | ||
| 942 |
_cPARA _d1 |
||
| 999 |
_c206288 _d206288 |
||